00565nam a2200193Ia 4500008004100000100001700041245007500058260001100133300002100144440002300165521000900188650001900197650001500216650001600231650001400247942000700261999001900268952008400287140626s9999 xx 000 0 und d aRoyeca, Jon. aRizal as a pioneering Fililipino historian and linguist /cJon Royeca. cc2012. a61 : 7, page 261 aThe Modern Teacher aSPED aFilipino hero. aHistorian. aJose Rizal. aLinguist. cSE c120997d120997 001040aCLbCLcPERd2014-06-26l0pS0105r2014-06-26 00:00:00w2014-06-26ySE